[Event "SR 3. liga A2 2016/2017"]
[Site "?"]
[Date "2017.03.19"]
[Round "11.5"]
[White "Babirat, Michal"]
[Black "Curidlo, Jan"]
[Result "0-1"]
[WhiteElo "1821"]
[BlackElo "1882"]
[PlyCount "88"]
[EventDate "2016.??.??"]

1. c4 c5 2. Nc3 g6 3. g3 Bg7 4. Bg2 Nf6 5. e3 e6 6. Nge2 a6 7. O-O O-O 8. d4
cxd4 9. exd4 d6 10. Bg5 Qc7 11. b3 Nbd7 12. Qd2 Re8 13. Rac1 Ra7 14. d5 e5 15.
h3 b6 16. Be3 Ra8 17. Kh2 Nf8 18. f4 N6d7 19. fxe5 Nxe5 20. Nd4 Nfd7 21. Ne4
Nc5 22. Nxc5 bxc5 23. Nf3 Nxf3+ 24. Bxf3 Rb8 25. Bf4 Bd4 26. Rce1 Bd7 27. Rxe8+
Rxe8 28. Re1 f6 29. Rxe8+ Bxe8 30. Qe2 Be5 31. Bg4 Bf7 32. h4 Qd8 33. Kg2 Kg7
34. Bd2 Kg8 35. a3 Qb6 36. b4 cxb4 37. axb4 Qd4 38. Be3 Qc3 39. b5 axb5 40.
cxb5 Bxd5+ 41. Kh2 Qb4 42. b6 Qe4 43. Be6+ Bxe6 44. Qb5 Qxh4+ 0-1

[Event "SR 3. liga A2 2016/2017"]
[Site "?"]
[Date "2017.03.19"]
[Round "11.5"]
[White "Slaba, Andrea"]
[Black "Klanica, Anton"]
[Result "1-0"]
[WhiteElo "1860"]
[BlackElo "1758"]
[PlyCount "127"]
[EventDate "2016.??.??"]

1. Nf3 Nf6 2. c4 d6 3. d4 Bg4 4. e3 Nbd7 5. Be2 g6 6. h3 Bxf3 7. Bxf3 c6 8. Nc3
Bg7 9. O-O O-O 10. e4 e5 11. Be3 a6 12. a4 Qc7 13. Rc1 Rfd8 14. Be2 c5 15. d5
Rf8 16. Qd2 Rae8 17. Rb1 Kh8 18. b4 b6 19. Bd3 Ng8 20. Qc2 Bh6 21. Nd1 Rb8 22.
Qc3 f6 23. g3 Rb7 24. Kh2 Rfb8 25. f4 exf4 26. gxf4 Bg7 27. Qc2 cxb4 28. Rxb4
Nc5 29. Nf2 Ne7 30. Bd4 Nc8 31. Ng4 Qe7 32. Rbb1 Kg8 33. Rbe1 h5 34. Nf2 Qd7
35. Ra1 Qf7 36. Nd1 Re7 37. e5 Nxd3 38. Qxd3 f5 39. e6 Qf8 40. Ne3 Bf6 41. Rg1
Kh7 42. Rg2 Bxd4 43. Qxd4 Rg7 44. Rag1 Ne7 45. Rb1 Qd8 46. Rgb2 Nc8 47. a5 Rgb7
48. axb6 Qh4 49. Ng2 Qe7 50. Ne1 Qh4 51. Nd3 Qe7 52. c5 dxc5 53. Qxc5 Nd6 54.
Ne5 Rc8 55. Nc6 Qf8 56. Ra2 Ra8 57. Rba1 Kh6 58. Rxa6 Rxa6 59. Rxa6 Qf6 60. Qd4
Qxd4 61. Nxd4 Nc8 62. Nc6 Kg7 63. e7 Kf7 64. Nd8+ 1-0

[Event "SR 3. liga A2 2016/2017"]
[Site "?"]
[Date "2017.03.19"]
[Round "11.6"]
[White "Pribila, Gerhard"]
[Black "Kalmar, Tamas"]
[Result "1/2-1/2"]
[WhiteElo "2145"]
[BlackElo "2062"]
[PlyCount "67"]
[EventDate "2016.??.??"]

1. e4 c6 2. d4 d5 3. e5 Bf5 4. h4 h5 5. Bd3 Bxd3 6. Qxd3 e6 7. Bg5 Qb6 8. Nd2
Ne7 9. Ngf3 Qa6 10. c4 Nd7 11. O-O Nf5 12. Qc3 dxc4 13. Nxc4 Nb6 14. Ne3 Ne7
15. Nd2 Ned5 16. Qc2 Nb4 17. Qb3 Qd3 18. Qxd3 Nxd3 19. b3 Nb4 20. Ne4 N4d5 21.
Nc4 Nc8 22. Rac1 Ndb6 23. a4 Bb4 24. Ra1 a5 25. Rac1 O-O 26. Rfd1 Nd5 27. Bd2
Rd8 28. Bxb4 Nxb4 29. Ncd6 Nxd6 30. Nxd6 Rd7 31. g3 Kf8 32. Kg2 Ke7 33. Kf3
Rad8 34. Ke4 1/2-1/2

[Event "SR 3. liga A2 2016/2017"]
[Site "?"]
[Date "2017.03.19"]
[Round "11.6"]
[White "Szitasi, Janos"]
[Black "Travnicek, Petr"]
[Result "0-1"]
[WhiteElo "1963"]
[BlackElo "2088"]
[PlyCount "52"]
[EventDate "2016.??.??"]

1. e4 c5 2. Nf3 Nc6 3. d4 cxd4 4. Nxd4 Nf6 5. Nc3 e5 6. Ndb5 d6 7. Bg5 a6 8.
Bxf6 gxf6 9. Na3 b5 10. Nd5 f5 11. exf5 Bxf5 12. c3 Bg7 13. Qf3 Bd7 14. Bd3 O-O
15. Bf5 e4 16. Qh5 Bxf5 17. Qxf5 Re8 18. Rd1 Ne5 19. Nf4 Nd3+ 20. Nxd3 exd3+
21. Kf1 Re2 22. Rb1 Qf6 23. Qxf6 Bxf6 24. g3 Rc8 25. Rd1 Rxb2 26. Rxd3 Rxc3 0-1

[Event "SR 3. liga A2 2016/2017"]
[Site "?"]
[Date "2017.03.19"]
[Round "11.6"]
[White "Brunovsky, Peter"]
[Black "Vegh, Vince"]
[Result "1-0"]
[WhiteElo "1818"]
[BlackElo "1921"]
[PlyCount "113"]
[EventDate "2016.??.??"]

1. Nf3 Nf6 2. d4 d5 3. Bf4 e6 4. e3 c5 5. c3 Nc6 6. Nbd2 Be7 7. Bd3 h6 8. O-O
O-O 9. Re1 Bd7 10. h3 Rc8 11. Bh2 Qb6 12. Qb3 Qxb3 13. axb3 a6 14. Kh1 Rfe8 15.
g4 Nh7 16. Rg1 cxd4 17. exd4 Bf6 18. Rge1 Nf8 19. b4 Ne7 20. Nb3 Neg6 21. Bg3
Bc6 22. Kh2 Bd8 23. Ne5 Nxe5 24. Bxe5 Nd7 25. Bg3 Bc7 26. Bxc7 Rxc7 27. f4 g5
28. f5 e5 29. Nc5 e4 30. Nxd7 Bxd7 31. Be2 Kg7 32. Ra5 Bc6 33. b5 axb5 34. Bxb5
b6 35. Bxc6 Rxc6 36. Rxd5 Kf6 37. Kg3 Ra8 38. Rxe4 Ra2 39. Rb5 Ra1 40. Re3 Rd1
41. Kf3 h5 42. Ke4 h4 43. Kd5 Rc8 44. Rxb6+ Kg7 45. Rb7 Rg1 46. Rbe7 Rd8+ 47.
Ke4 Kf6 48. Kd3 Rb8 49. b4 Ra8 50. Rc7 Rg3 51. Rc6+ Kg7 52. b5 Re8 53. Rxg3
hxg3 54. Ra6 Re1 55. Ra2 Rd1+ 56. Kc4 Rf1 57. Rg2 1-0

[Event "SR 3. liga A2 2016/2017"]
[Site "?"]
[Date "2017.03.19"]
[Round "11.6"]
[White "Csefalvay, Stefan"]
[Black "Kubis, Ivan"]
[Result "1-0"]
[WhiteElo "1813"]
[BlackElo "1922"]
[PlyCount "33"]
[EventDate "2016.??.??"]

1. c4 e5 2. Nc3 Nf6 3. g3 Bb4 4. Bg2 Nc6 5. Nd5 Bc5 6. e3 O-O 7. Ne2 Re8 8. O-O
e4 9. Nec3 Bf8 10. Nxf6+ Qxf6 11. Nxe4 Qg6 12. Nc3 d6 13. d4 Bf5 14. Nd5 Rac8
15. Qd2 h5 16. f3 Bd3 17. Nf4 1-0

[Event "SR 3. liga A2 2016/2017"]
[Site "?"]
[Date "2017.03.19"]
[Round "11.6"]
[White "Kocak, Branislav"]
[Black "Both, Lajos"]
[Result "1/2-1/2"]
[WhiteElo "1873"]
[BlackElo "1799"]
[PlyCount "81"]
[EventDate "2016.??.??"]

1. Nf3 Nf6 2. c4 g6 3. Nc3 Bg7 4. d4 O-O 5. e4 d6 6. Be2 Nbd7 7. O-O e5 8. dxe5
dxe5 9. h3 h6 10. Be3 Qe7 11. Qd2 Kh7 12. Nh2 b6 13. Rfd1 Bb7 14. Qc2 c6 15.
Rd2 Rfd8 16. Rad1 Nf8 17. Ng4 Nxg4 18. Bxg4 Rxd2 19. Rxd2 Rd8 20. Qd1 Rxd2 21.
Qxd2 Ne6 22. Bxe6 Qxe6 23. b3 f5 24. f3 f4 25. Bf2 Qe7 26. Kf1 Bc8 27. Ke2 Be6
28. Na4 Bf6 29. Kf1 Qa3 30. Nc3 Be7 31. Be1 Qa6 32. Qd3 Qc8 33. Bf2 h5 34. h4
Qf8 35. Ne2 g5 36. hxg5 Bxg5 37. Ng1 h4 38. Nh3 Be7 39. Qd2 Bb4 40. Qd1 Kg6 41.
Ke2 1/2-1/2

[Event "SR 3. liga A2 2016/2017"]
[Site "?"]
[Date "2017.03.19"]
[Round "11.6"]
[White "Arpa, Zoltan"]
[Black "Valla, Tomas"]
[Result "0-1"]
[WhiteElo "1787"]
[BlackElo "1839"]
[PlyCount "42"]
[EventDate "2016.??.??"]

1. d4 Nf6 2. c4 c5 3. d5 e6 4. dxe6 fxe6 5. Nc3 a6 6. e4 Nc6 7. Nf3 Qc7 8. Bd3
b6 9. O-O Bb7 10. Re1 Bd6 11. h3 O-O-O 12. a3 h6 13. Na2 g5 14. Nd2 Rdg8 15.
Rb1 h5 16. b4 h4 17. b5 Nd4 18. Nb3 a5 19. Nxd4 cxd4 20. f3 Qc5 21. Qe2 Qe5 0-1

[Event "SR 3. liga A2 2016/2017"]
[Site "?"]
[Date "2017.03.19"]
[Round "11.6"]
[White "Kanka, Tomas"]
[Black "Sarkozi, Szabolcs"]
[Result "1-0"]
[WhiteElo "1714"]
[BlackElo "1665"]
[PlyCount "75"]
[EventDate "2016.??.??"]

1. e4 c5 2. c3 d5 3. exd5 Qxd5 4. d4 Nc6 5. Nf3 Bg4 6. Be2 Rd8 7. c4 Qh5 8. d5
e6 9. Nc3 Be7 10. Qa4 exd5 11. cxd5 Rxd5 12. Nxd5 Qxd5 13. Qxg4 Nf6 14. Qc8+
Bd8 15. Qxb7 O-O 16. O-O Qd6 17. Rd1 Qe6 18. Bb5 Na5 19. Qxa7 Bb6 20. Qa6 Ne4
21. Ng5 Nxg5 22. Bxg5 Rb8 23. Bf4 Rf8 24. Bd2 Bc7 25. Bxa5 Qxa6 26. Bxa6 Bxa5
27. g3 g6 28. Rac1 Ra8 29. Bb5 Bb6 30. a4 h6 31. Rd6 Bd8 32. Ra6 Rc8 33. Bc4
Kf8 34. Rd1 f6 35. Rd7 Be7 36. Raa7 Re8 37. Bb5 f5 38. Rdb7 1-0

[Event "SR 3. liga A2 2016/2017"]
[Site "?"]
[Date "2017.03.19"]
[Round "11.6"]
[White "Lelkes, Bela St"]
[Black "Kastler, Peter"]
[Result "0-1"]
[WhiteElo "1639"]
[BlackElo "1751"]
[PlyCount "74"]
[EventDate "2016.??.??"]

1. e4 e6 2. d4 d5 3. exd5 exd5 4. Bb5+ c6 5. Bd3 Nf6 6. Nc3 Bb4 7. Nge2 O-O 8.
O-O Re8 9. Bf4 Bg4 10. f3 Bh5 11. Ng3 Bg6 12. Bxg6 hxg6 13. Qd3 Nbd7 14. a3 Ba5
15. b4 Bc7 16. Bxc7 Qxc7 17. Rae1 Nf8 18. Qd2 Ne6 19. Re5 Qb6 20. Nce2 Re7 21.
c3 Rae8 22. Kh1 Qc7 23. Re1 Nd7 24. Re3 Nb6 25. Rd3 Nf4 26. Kg1 Nxd3 27. Qxd3
Nc4 28. a4 Re3 29. Qc2 Qe7 30. Qc1 Nd6 31. Qd2 Nf5 32. Nxf5 gxf5 33. Kf1 Qg5
34. Qc2 R8e6 35. h3 Rg6 36. Ng1 Rxe1+ 37. Kxe1 Qxg2 0-1

[Event "SR Extraliga 2017/2018"]
[Site "?"]
[Date "2017.09.30"]
[Round "1.1"]
[White "Markos, Jan"]
[Black "Aczel, Gergely"]
[Result "0-1"]
[WhiteElo "2559"]
[BlackElo "2532"]
[PlyCount "68"]
[EventDate "2017.??.??"]

1. Nf3 d5 2. g3 c6 3. Bg2 Bg4 4. O-O Nf6 5. d4 e6 6. Nbd2 Nbd7 7. Re1 Be7 8. e4
O-O 9. c3 Bh5 10. Qb3 Qb6 11. exd5 cxd5 12. Ne5 Nxe5 13. Rxe5 Bg6 14. Re1 Qxb3
15. Nxb3 Rfc8 16. Bg5 b5 17. Rac1 a5 18. a3 h6 19. Bxf6 Bxf6 20. Nc5 b4 21. Nd7
bxa3 22. bxa3 Bg5 23. f4 Be7 24. Bxd5 Ra7 25. Nb6 Rb8 26. Bxe6 fxe6 27. Rxe6
Bf5 28. Rc6 Bxa3 29. Re1 Ra6 30. Re5 Bd3 31. Ree6 Bf5 32. Re5 Bd3 33. Ree6 a4
34. d5 Raxb6 0-1

[Event "SR Extraliga 2017/2018"]
[Site "?"]
[Date "2017.09.30"]
[Round "1.2"]
[White "Farkas, Gabor"]
[Black "Kriebel, Tadeas"]
[Result "0-1"]
[WhiteElo "2366"]
[BlackElo "2487"]
[PlyCount "74"]
[EventDate "2017.??.??"]

1. e4 e5 2. Nf3 Nc6 3. Bc4 Nf6 4. d3 Bc5 5. c3 O-O 6. O-O d6 7. Nbd2 a6 8. Bb3
Ba7 9. Nc4 h6 10. Be3 b5 11. Ncd2 Na5 12. Bc2 c5 13. a4 Be6 14. axb5 axb5 15.
d4 cxd4 16. cxd4 Ng4 17. b4 Nc4 18. Nxc4 Bxc4 19. Re1 Nxe3 20. Rxe3 Bb6 21.
Rea3 Rxa3 22. Rxa3 exd4 23. Nxd4 Qf6 24. Nf5 d5 25. exd5 Rd8 26. d6 g6 27. Ra6
Bxf2+ 28. Kxf2 gxf5 29. Qf3 Qd4+ 30. Qe3 Qb2 31. Qd2 Qe5 32. Qe3 Qb2 33. Qd2
Bd5 34. Qxd5 Qxc2+ 35. Kf3 Re8 36. h3 Qc3+ 37. Kf4 Qe3+ 0-1

[Event "SR Extraliga 2017/2018"]
[Site "?"]
[Date "2017.09.30"]
[Round "1.3"]
[White "Mrva, Martin"]
[Black "Chovan, Milan"]
[Result "1-0"]
[WhiteElo "2394"]
[BlackElo "2292"]
[PlyCount "79"]
[EventDate "2017.??.??"]

1. e4 e5 2. Nf3 Nc6 3. Bb5 a6 4. Ba4 Nf6 5. Nc3 b5 6. Bb3 Be7 7. a4 b4 8. Nd5
O-O 9. O-O d6 10. Re1 Rb8 11. h3 Na5 12. d4 Nxb3 13. cxb3 Nxd5 14. exd5 f6 15.
Qd3 Qd7 16. Bd2 a5 17. Rac1 Kh8 18. Qc4 Bd8 19. dxe5 fxe5 20. Bg5 Bb7 21. Red1
Rxf3 22. gxf3 Bxg5 23. Qxc7 Qd8 24. Rc4 h6 25. Kg2 Ba6 26. Rc6 Qxc7 27. Rxc7
Be2 28. Re1 Bd3 29. Ra7 Bc2 30. Rxa5 Bxb3 31. Rb5 Ra8 32. Ra1 Bd2 33. a5 Ra6
34. Rb6 Bc4 35. b3 Rxb6 36. axb6 Bxd5 37. Rd1 Bb7 38. Rxd2 d5 39. Rc2 d4 40.
Rc7 1-0

[Event "SR Extraliga 2017/2018"]
[Site "?"]
[Date "2017.09.30"]
[Round "1.4"]
[White "Cibickova, Zuzana"]
[Black "Pinter, Erik"]
[Result "1/2-1/2"]
[WhiteElo "2284"]
[BlackElo "2393"]
[PlyCount "99"]
[EventDate "2017.??.??"]

1. e4 c5 2. Nf3 Nc6 3. d4 cxd4 4. Nxd4 g6 5. Nc3 Bg7 6. Be3 Nf6 7. Bc4 O-O 8.
Bb3 d6 9. f3 Bd7 10. Qd2 Nxd4 11. Bxd4 b5 12. a4 bxa4 13. Bxa4 a5 14. O-O Be6
15. Nd5 Nd7 16. Bxg7 Kxg7 17. Bxd7 Bxd7 18. Qd4+ e5 19. Qb6 Be6 20. Nc7 Rb8 21.
Nxe6+ fxe6 22. Qxd8 Rfxd8 23. Rxa5 Rxb2 24. Ra7+ Kf6 25. Rxh7 Rxc2 26. h4 Rg8
27. g4 g5 28. Rh6+ Kf7 29. hxg5 Rxg5 30. Ra1 Rg6 31. Rxg6 Kxg6 32. Rd1 Rc6 33.
Kf2 Rb6 34. Rd3 Rc6 35. Kg3 Rb6 36. Rd2 Rc6 37. Kf2 Rb6 38. Ke3 Rc6 39. Rd3 Rb6
40. Kf2 Rc6 41. Kg3 Rb6 42. Kh4 Rc6 43. Kh3 Rb6 44. Kh4 Rc6 45. Kg3 Kg5 46. Rd2
Kg6 47. Kh4 Rb6 48. Rd1 Rc6 49. Rd2 Rb6 50. Rd1 1/2-1/2

[Event "SR Extraliga 2017/2018"]
[Site "?"]
[Date "2017.09.30"]
[Round "1.5"]
[White "Pcola, Pavol"]
[Black "Szucs, Vladimir"]
[Result "1/2-1/2"]
[WhiteElo "2374"]
[BlackElo "2142"]
[PlyCount "37"]
[EventDate "2017.??.??"]

1. c4 c5 2. g3 g6 3. Bg2 Bg7 4. Nf3 Nc6 5. Nc3 e6 6. O-O Nge7 7. d3 O-O 8. a3
d5 9. Rb1 b6 10. Bd2 Bb7 11. b4 cxb4 12. axb4 dxc4 13. dxc4 Qc8 14. Ne4 Qc7 15.
Qc2 Nf5 16. e3 a5 17. bxa5 Nxa5 18. Rfc1 Rfc8 19. c5 1/2-1/2

[Event "SR Extraliga 2017/2018"]
[Site "?"]
[Date "2017.09.30"]
[Round "1.6"]
[White "Gulbis, Adrian"]
[Black "Krak, Tomas"]
[Result "1/2-1/2"]
[WhiteElo "2097"]
[BlackElo "2312"]
[PlyCount "87"]
[EventDate "2017.??.??"]

1. d4 Nf6 2. c4 c5 3. d5 e6 4. Nc3 exd5 5. cxd5 d6 6. g3 g6 7. Bg2 Bg7 8. Nf3
O-O 9. O-O Re8 10. Nd2 a6 11. a4 Nbd7 12. Nc4 Ne5 13. Nxe5 Rxe5 14. e4 Re8 15.
h3 Rb8 16. a5 b5 17. axb6 Rxb6 18. Kh2 Nd7 19. f4 Rb4 20. Ra4 a5 21. Rxb4 cxb4
22. Na4 Ba6 23. Re1 Bb5 24. Kg1 f5 25. Bf1 Bxa4 26. Qxa4 Nc5 27. Qc6 Bd4+ 28.
Kg2 Rxe4 29. Rxe4 fxe4 30. Be2 Kg7 31. Bg4 Qe7 32. Qc8 e3 33. Be6 Nxe6 34. dxe6
a4 35. Kf3 Kf6 36. g4 e2 37. g5+ Kf5 38. Qc2+ Kxe6 39. Qxe2+ Kd7 40. Qb5+ Kd8
41. Qxb4 Bc5 42. Qb8+ Kd7 43. Qb5+ Kc7 44. Qa5+ 1/2-1/2

[Event "SR Extraliga 2017/2018"]
[Site "?"]
[Date "2017.09.30"]
[Round "1.7"]
[White "Pcola, Jaroslav"]
[Black "Szeko, Ludovit"]
[Result "1-0"]
[WhiteElo "2083"]
[BlackElo "2044"]
[PlyCount "97"]
[EventDate "2017.??.??"]

1. e4 Nf6 2. e5 Nd5 3. d4 d6 4. Bc4 Nb6 5. Bb3 g6 6. Qf3 d5 7. Nc3 c6 8. Qg3
Bf5 9. Nf3 a5 10. a4 Na6 11. Nh4 Qd7 12. Qf4 Be6 13. Ne2 Bg7 14. c3 O-O 15. O-O
f6 16. Qg3 fxe5 17. dxe5 Bg4 18. Re1 Bxe2 19. Rxe2 Nc5 20. Bc2 Ne6 21. Nf3 Rf7
22. b3 Raf8 23. Be3 Nf4 24. Bxf4 Rxf4 25. e6 Qe8 26. Ng5 R4f6 27. Qh3 h6 28.
Nf7 R8xf7 29. exf7+ Qxf7 30. Rae1 Bf8 31. Qg4 e5 32. Rxe5 Bc5 33. Kh1 Nd7 34.
Re8+ Nf8 35. f3 Kg7 36. Qg3 Bd6 37. Qf2 Ne6 38. Ra8 Bc5 39. Qe2 Nc7 40. Rb8 Re6
41. Qd1 Rf6 42. Rxb7 h5 43. b4 axb4 44. cxb4 Bd6 45. Qd4 Kh6 46. Qe3+ g5 47. h4
Rf4 48. g3 Qd7 49. Qe6+ 1-0

[Event "SR Extraliga 2017/2018"]
[Site "?"]
[Date "2017.09.30"]
[Round "1.8"]
[White "Blaho, Stefan"]
[Black "Fiacan, Robert"]
[Result "0-1"]
[WhiteElo "2029"]
[BlackElo "2205"]
[PlyCount "64"]
[EventDate "2017.??.??"]

1. d4 g6 2. Nf3 Bg7 3. Bf4 d6 4. e3 Nf6 5. h3 O-O 6. Be2 c5 7. c3 a6 8. a4 Qb6
9. a5 Qxb2 10. Ra3 Bf5 11. Rb3 Qa2 12. Rxb7 Be4 13. Qb3 Qxa5 14. Rxe7 Bxb1 15.
Qxb1 Nd5 16. O-O Nxe7 17. Bxd6 Nbc6 18. Bxc5 Rfb8 19. Qe4 Qa2 20. Re1 Nd5 21.
Ng5 Re8 22. Qh4 h6 23. Ne4 Nxc3 24. Nxc3 Qd2 25. Rb1 Qxc3 26. Bf3 Rac8 27. Bd5
Qd3 28. Rb7 Nd8 29. Rd7 Qb5 30. Rd6 Rxc5 31. Rxd8 Rxd5 32. e4 Rdxd8 0-1

[Event "SR Extraliga 2017/2018"]
[Site "?"]
[Date "2017.09.30"]
[Round "1.2"]
[White "Nagy, Gabor"]
[Black "Vetoshko, Volodymyr"]
[Result "0-1"]
[WhiteElo "2470"]
[BlackElo "2534"]
[PlyCount "92"]
[EventDate "2017.??.??"]

1. Nf3 Nf6 2. c4 b6 3. g3 Bb7 4. Bg2 g6 5. O-O Bg7 6. Nc3 O-O 7. d4 Ne4 8. Nxe4
Bxe4 9. Be3 d6 10. Qd2 c5 11. d5 Nd7 12. Bh6 Bxh6 13. Qxh6 Bxf3 14. exf3 Rb8
15. a4 a6 16. Rfe1 b5 17. axb5 axb5 18. cxb5 Rxb5 19. Re2 Nf6 20. Qd2 Rb4 21.
f4 Rd4 22. Qe1 Re8 23. Rd2 Rb4 24. Ra7 Kf8 25. Qa1 Qb6 26. Ra6 Qc7 27. Ra7 Rb7
28. Rxb7 Qxb7 29. Bf1 Ra8 30. Qd1 Qb4 31. Rc2 Qe4 32. Bc4 Ra1 33. Qxa1 Qxc2 34.
b3 h5 35. h4 Kg8 36. Qe1 Ne4 37. Kg2 f5 38. Qe3 Kf8 39. Be2 Qd2 40. Qd3 Qxd3
41. Bxd3 Nf6 42. Bc4 Ke8 43. f3 Kd7 44. Kf2 Kc7 45. Ke3 Kb6 46. Kd3 e6 0-1

[Event "SR Extraliga 2017/2018"]
[Site "?"]
[Date "2017.09.30"]
[Round "1.3"]
[White "Nayhebaver, Martin"]
[Black "Michalicka, Milan"]
[Result "1-0"]
[WhiteElo "2440"]
[BlackElo "2158"]
[PlyCount "61"]
[EventDate "2017.??.??"]

1. e4 c5 2. Nf3 g6 3. c3 Bg7 4. d4 cxd4 5. cxd4 d5 6. e5 Bg4 7. Qb3 Qd7 8. Nc3
Bxf3 9. gxf3 Nc6 10. Be3 Rd8 11. Na4 Qc7 12. Nc5 Qa5+ 13. Kd1 Qb6 14. Nxb7 Rc8
15. Rc1 Nh6 16. Qxb6 axb6 17. Bb5 Kd7 18. Kd2 Nf5 19. Rc2 Rc7 20. Rhc1 Rhc8 21.
a4 Bh6 22. f4 Bxf4 23. Bxf4 Nfxd4 24. e6+ Kxe6 25. Bxc7 Nxc2 26. Rxc2 Nd4 27.
Rc3 Nxb5 28. axb5 d4 29. Rc1 Kd5 30. Bxb6 Rb8 31. Rc7 1-0

[Event "SR Extraliga 2017/2018"]
[Site "?"]
[Date "2017.09.30"]
[Round "1.1"]
[White "Erdos, Viktor"]
[Black "Balogh, Csaba"]
[Result "1/2-1/2"]
[WhiteElo "2619"]
[BlackElo "2631"]
[PlyCount "62"]
[EventDate "2017.??.??"]

1. d4 d5 2. c4 c6 3. Nf3 Nf6 4. Nc3 dxc4 5. a4 Bf5 6. e3 e6 7. Bxc4 Bb4 8. O-O
Nbd7 9. Qe2 O-O 10. e4 Bg6 11. Bd3 Bh5 12. e5 Nd5 13. Nxd5 cxd5 14. Qe3 Re8 15.
Ng5 Bg6 16. Bxg6 fxg6 17. a5 Rc8 18. Ra4 Bxa5 19. Qf3 Re7 20. Nxe6 Rxe6 21.
Qxd5 Nc5 22. Qxd8+ Bxd8 23. dxc5 Rxe5 24. Be3 a6 25. Rd1 Be7 26. b4 Re4 27. g3
Rd8 28. Rxd8+ Bxd8 29. c6 bxc6 30. Rxa6 Be7 31. Rxc6 Bxb4 1/2-1/2

[Event "SR Extraliga 2017/2018"]
[Site "?"]
[Date "2017.09.30"]
[Round "1.2"]
[White "Michalik, Peter"]
[Black "Vajda, Levente"]
[Result "1/2-1/2"]
[WhiteElo "2546"]
[BlackElo "2588"]
[PlyCount "30"]
[EventDate "2017.??.??"]

1. e4 e5 2. Nf3 Nc6 3. Bc4 Bc5 4. O-O Nf6 5. d3 O-O 6. a4 a5 7. h3 d6 8. c3 Bb6
9. Re1 Ne7 10. d4 Ng6 11. Bf1 c6 12. Nbd2 Bc7 13. Qc2 Re8 14. dxe5 Nxe5 15.
Nxe5 dxe5 1/2-1/2

[Event "SR Extraliga 2017/2018"]
[Site "?"]
[Date "2017.09.30"]
[Round "1.3"]
[White "Petenyi, Tamas"]
[Black "Rigo, Zsolt"]
[Result "1/2-1/2"]
[WhiteElo "2449"]
[BlackElo "2391"]
[PlyCount "69"]
[EventDate "2017.??.??"]

1. e4 c5 2. b3 e6 3. Bb2 a6 4. f4 d5 5. Nc3 Nf6 6. e5 Ng8 7. Qh5 g6 8. Qh3 h5
9. O-O-O Nh6 10. Nf3 Nc6 11. Kb1 b5 12. Be2 Bd7 13. Qg3 Qa5 14. Ng5 Nf5 15. Qf2
Nfd4 16. g4 Nb4 17. f5 exf5 18. gxh5 gxh5 19. Bd3 Be7 20. Rhg1 Bxg5 21. Rxg5
Nxd3 22. cxd3 Be6 23. Rdg1 O-O-O 24. Nd1 Nc6 25. Qxc5 Kb7 26. Bc3 Qb6 27. Qxb6+
Kxb6 28. d4 b4 29. Bb2 Ne7 30. Nf2 f4 31. Kc1 Bf5 32. Kd1 Rdg8 33. Rxg8 Rxg8
34. Rxg8 Nxg8 35. d3 1/2-1/2

[Event "SR Extraliga 2017/2018"]
[Site "?"]
[Date "2017.09.30"]
[Round "1.4"]
[White "Stohl, Igor"]
[Black "Bokros, Albert"]
[Result "1/2-1/2"]
[WhiteElo "2504"]
[BlackElo "2485"]
[PlyCount "33"]
[EventDate "2017.??.??"]

1. d4 Nf6 2. c4 e6 3. Nc3 d5 4. Bg5 Be7 5. e3 O-O 6. Nf3 Nbd7 7. Rc1 h6 8. Bh4
a6 9. c5 c6 10. b4 Nh5 11. Bxe7 Qxe7 12. Nd2 Nhf6 13. f4 b6 14. Bd3 a5 15. a3
axb4 16. axb4 bxc5 17. bxc5 1/2-1/2

[Event "SR Extraliga 2017/2018"]
[Site "?"]
[Date "2017.09.30"]
[Round "1.5"]
[White "Czebe, Attila"]
[Black "Maslik, Miroslav"]
[Result "1/2-1/2"]
[WhiteElo "2465"]
[BlackElo "2357"]
[PlyCount "46"]
[EventDate "2017.??.??"]

1. Nf3 c5 2. e4 Nc6 3. d4 cxd4 4. Nxd4 e5 5. Nb5 a6 6. Nd6+ Bxd6 7. Qxd6 Qf6 8.
Qd1 Qg6 9. Nc3 Nge7 10. g3 d5 11. exd5 Nb4 12. Bd3 Nxd3+ 13. Qxd3 Qxd3 14. cxd3
Bh3 15. f4 O-O-O 16. fxe5 Nxd5 17. Bg5 f6 18. exf6 gxf6 19. Bh6 Rhe8+ 20. Kd2
Nb4 21. Rae1 Rxd3+ 22. Kc1 Rxe1+ 23. Rxe1 Rxc3+ 1/2-1/2

[Event "SR Extraliga 2017/2018"]
[Site "?"]
[Date "2017.09.30"]
[Round "1.6"]
[White "Schwarz, Dusan"]
[Black "Varga, Zoltan"]
[Result "1/2-1/2"]
[WhiteElo "2306"]
[BlackElo "2448"]
[PlyCount "87"]
[EventDate "2017.??.??"]

1. d4 d5 2. c4 dxc4 3. Nf3 c6 4. e3 Be6 5. Qc2 Nf6 6. Bxc4 Bxc4 7. Qxc4 Qa5+ 8.
Nbd2 e6 9. O-O Nbd7 10. b3 Be7 11. Bb2 O-O 12. Qe2 c5 13. Rfd1 Rac8 14. a3 cxd4
15. Nxd4 Rfd8 16. Rac1 Bf8 17. Nc4 Qa6 18. Kf1 Nc5 19. b4 Nce4 20. Na5 Qxe2+
21. Kxe2 Nd6 22. f3 Nfe8 23. Rxc8 Rxc8 24. Rc1 Rxc1 25. Bxc1 e5 26. Nc2 f6 27.
e4 Kf7 28. Be3 b6 29. Nc6 Nc8 30. a4 Ke6 31. Kd3 Bd6 32. b5 Kd7 33. N2b4 Bxb4
34. Nxb4 Ne7 35. Bc1 Nc7 36. Kc4 g5 37. Nd3 Nc8 38. Be3 a6 39. bxa6 Nxa6 40.
Bxb6 Nxb6+ 41. Kb5 Nxa4 42. Kxa4 Kd6 43. Kb5 Nc7+ 44. Kc4 1/2-1/2

[Event "SR Extraliga 2017/2018"]
[Site "?"]
[Date "2017.09.30"]
[Round "1.7"]
[White "Bagi, Mate"]
[Black "Skara, Vladimir"]
[Result "1/2-1/2"]
[WhiteElo "2456"]
[BlackElo "2230"]
[PlyCount "40"]
[EventDate "2017.??.??"]

1. e4 e6 2. Qe2 e5 3. Nf3 Nc6 4. Qd1 Nf6 5. Nc3 d5 6. exd5 Nxd5 7. Bb5 Nxc3 8.
bxc3 Bd6 9. d3 O-O 10. Ng5 h6 11. Ne4 Be7 12. O-O a6 13. Bxc6 bxc6 14. f4 f5
15. Ng3 Bf6 16. Ne2 Qe7 17. fxe5 Bxe5 18. d4 Bf6 19. Nf4 Qf7 20. Nh5 Be6
1/2-1/2

[Event "SR Extraliga 2017/2018"]
[Site "?"]
[Date "2017.09.30"]
[Round "1.8"]
[White "Federic, Jozef"]
[Black "Meszaros, Michal"]
[Result "1/2-1/2"]
[WhiteElo "2271"]
[BlackElo "2362"]
[PlyCount "58"]
[EventDate "2017.??.??"]

1. d4 Nf6 2. Nf3 d5 3. c4 dxc4 4. e3 a6 5. Bxc4 Nc6 6. O-O Bg4 7. Be2 e6 8. Nc3
Bd6 9. b3 O-O 10. Bb2 Re8 11. Rc1 Qe7 12. Ne5 Bxe2 13. Nxe2 Nb4 14. a3 Nbd5 15.
Nc4 b5 16. Nxd6 cxd6 17. Qd3 Qb7 18. Rc2 Rac8 19. Rfc1 Ne7 20. Bc3 Rc6 21. Be1
Rec8 22. f3 Rxc2 23. Rxc2 Rxc2 24. Qxc2 Qc6 25. Qxc6 Nxc6 26. Kf2 d5 27. Nc1
Kf8 28. Nd3 Nd7 29. Ke2 Ke7 1/2-1/2

[Event "SR Extraliga 2017/2018"]
[Site "?"]
[Date "2017.09.30"]
[Round "1.1"]
[White "Banusz, Tamas"]
[Black "Cvek, Robert"]
[Result "1/2-1/2"]
[WhiteElo "2608"]
[BlackElo "2506"]
[PlyCount "87"]
[EventDate "2017.??.??"]

1. Nf3 Nf6 2. c4 g6 3. Nc3 Bg7 4. e4 d6 5. d4 O-O 6. Be2 e5 7. d5 a5 8. Bg5 h6
9. Bh4 Na6 10. Nd2 Bd7 11. O-O Qe8 12. b3 Nh7 13. f3 h5 14. a3 Bh6 15. Qc2 Be3+
16. Kh1 Bc5 17. Bd3 Kg7 18. Ne2 g5 19. Bf2 Bxf2 20. Rxf2 Nc5 21. Qc3 f5 22.
exf5 Nxd3 23. Qxd3 Bxf5 24. Qe3 b6 25. Rff1 h4 26. Nc3 Qg6 27. Nce4 g4 28. fxg4
Qxg4 29. h3 Qg6 30. Kh2 Bxe4 31. Nxe4 Kh8 32. Rae1 Rae8 33. b4 axb4 34. axb4
Ra8 35. c5 bxc5 36. bxc5 Rxf1 37. Rxf1 Ra4 38. Re1 Rd4 39. cxd6 cxd6 40. Qf3
Kg7 41. Kh1 Ng5 42. Nxg5 Qxg5 43. Qc3 Qf6 44. Qc7+ 1/2-1/2